00433nam a22001457a 4500003000400000082001800004100001000022245005300032260002500085300000800110653003300118942001200151952010700163999001700270SGT a617.525bP26K aKajol aPre-Operative assessment of head and neck cancer aGurugrambSGTUc2026 a115 aOral & Maxillofacial Surgery 2ddccTH 00102ddc4071aFDbFDcREFd2026-04-10l0o617.525 P26KpDT2674r2026-04-10 00:00:00w2026-04-10yTH c34618d34618